00597nam a2200217Ia 4500003000900000008004100009020001800050040001600068080001700084100002300101245005200124260005600176300001300232490002900245650001700274650002000291650001700311700001800328700001900346700001400365IN-BaIIA211028s9999 xx 000 0 eng d a0-87590-080-1 cIIA Library a523.942bMAG aTsurutani, Bruce T 0aMagnetic stormscBruce T Tsurutani….[et al.] aWashington, D. C.bAmerican Geophysical Unionc1997 ax, 266p. aGeophysics monograph; 98 aGeomagnetism aMagnetic storms aSoalr system aArballo, J. K aGonzalez, W. D aKamide, Y